000 00526nam a2200169 i 4500
001 72570
003 ES-MaACL
005 20230906171459.0
007 t|
008 040901s1969 sp ||||1| spa d
100 1 _aGlasstone, Samuel.
_957413
245 1 0 _aIniciación a las Ciencias del Espacio /
_cS. Glasstone ; traducido por José María Mantero.
260 _a[Madrid] :
_bAguilar,
_c1969.
300 _aXIX, 910 p. :
_bil. ;
_c25 cm.
700 1 _aMantero, José María.
_976154
852 _aES-MaACL
_jC-37835
_bR.72606
999 _c72570
_d72570